ბათუმის შოთა რუსთაველის სახელმწიფო უნივერსიტეტის ბიბლიოთეკა

მარკირების მიმართება ფონოლოგიაში / (ბიბ.ჩანაწერი № 51000)

000 -ლიდერი
ფიქსირებული სიგრძის საკონტროლო ველი 01202nam a2200253Ia 4500
001 - საკონტროლო ნომერი
საკონტროლო ველი 17957
003 - საკონტროლო ნომრის იდენტიფიკატორი
საკონტროლო ველი GE_BSU
005 - ბოლო ოპერაციის თარიღი და დრო
საკონტროლო ველი 20200302115441.0
008 - ფიქსირებული სიგრძის მონაცემთა ელემენტები - ზოგადი ინფორმაცია
ფიქსირებული სიგრძის საკონტროლო ველი 181216s1976 xx |||||||||||||| ||geo||
040 ## - კატალოგიზაციის წყარო
Transcribing agency GE_BSU
041 ## - ენის კოდი
Language code of text/sound track or separate title geo
080 ## - უნივერსალური ათობითი კლასიფიკაციის ინდექსი
Universal Decimal Classification number 81'34 მ-54
100 ## - მთავარი ჩანაწერი - პიროვნების სახელი
Personal name მელიქიშვილი, ირინა.
9 (RLIN) 7673
245 ## - ცნობა სათაურის შესახებ
Title მარკირების მიმართება ფონოლოგიაში /
Statement of responsibility, etc ირინა მელიქიშვილი ; რედ.თ.შარაშენიძე ; მხატვ. გ. ნადირაძე.
264 ## - წარმოების, გამოცემის, დისტრიბუციის და სხვა ცნობები
გამოცემის, წარმოების, დისტრიბუციის... ადგილი თბილისი :
გამოცემის, წარმოების, დისტრიბუციის... სახელწოდება მეცნიერება,
გამოცემის, წარმოების, დისტრიბუციის... თარიღი 1976.
300 ## - ფიზიკური აღწერა
Extent 174 გვ. ;
Dimensions 21 სმ.
504 ## - BIBLIOGRAPHY, ETC. NOTE
Bibliography, etc ბიბლ: გვ. 163-172.
520 ## - SUMMARY, ETC.
Summary, etc რეზ. რუს. ენ..
653 ## - INDEX TERM--UNCONTROLLED
Uncontrolled term მარკირების მიმართება ფონოლოგიაში
653 ## - INDEX TERM--UNCONTROLLED
Uncontrolled term ფონოლოგია; მარკირების მიმართება
700 ## - ADDED ENTRY--PERSONAL NAME
Personal name შარაშენიძე, თ
Relator term რედაქტორი
9 (RLIN) 7674
700 ## - ADDED ENTRY--PERSONAL NAME
Personal name ნადირაძე, გ
Relator term მხატვარი
9 (RLIN) 7675
942 ## - ADDED ENTRY ELEMENTS (KOHA)
Koha item type წიგნი
Source of classification or shelving scheme
ეგზემპლარები
ჩამოწერის სტატუსი დაკარგული ეგზემპლარის სტატუსი კლასიფიკაციის წყარო ან თაროზე გაწყობის სქემა დაზიანების სტატუსი არ გაიცემა მუდმივი მდებარეობა (დაცვის ადგილი) ამჟამინდელი ადგილსამყოფელი თაროზე განთავსების ადგილი შეძენის თარიღი ღირებულება, შესყიდვის ნორმალური ფასი სრული შენახვის შიფრი შტრიხკოდი ბოლო ოპერაციის თარიღი ეგზემპლარის მიმდევრობითი ნომერი (კეტერი?) ფასის ძალაში შესვლის თარიღი ეგზემპლარის სახეობა საჯარო შენიშვნა
          ბათუმის შოთა რუსთაველის სახელმწიფო უნივერსიტეტის მთავარი ბიბლიოთეკა ბათუმის შოთა რუსთაველის სახელმწიფო უნივერსიტეტის მთავარი ბიბლიოთეკა წიგნსაცავი 2018-12-17 2.00 81'34 მ-54 45904 2018-12-17 45904 2018-12-17 წიგნი 2ლ.20თ.
          ბათუმის შოთა რუსთაველის სახელმწიფო უნივერსიტეტის მთავარი ბიბლიოთეკა ბათუმის შოთა რუსთაველის სახელმწიფო უნივერსიტეტის მთავარი ბიბლიოთეკა წიგნსაცავი 2018-12-17 2.00 81'34 მ-54 45905 2018-12-17 45905 2018-12-17 წიგნი 2ლ.20თ.
          ბათუმის შოთა რუსთაველის სახელმწიფო უნივერსიტეტის მთავარი ბიბლიოთეკა ბათუმის შოთა რუსთაველის სახელმწიფო უნივერსიტეტის მთავარი ბიბლიოთეკა წიგნსაცავი 2018-12-17 2.00 81'34 მ-54 45906 2018-12-17 45906 2018-12-17 წიგნი 2ლ.20თ.